Historia universal de los instrumentos musicales. parte iv /
Guardado en:
| Autor Principal: | |
|---|---|
| Formato: | Libro |
| Publicado: |
Buenos Aires :
Centuri¢n,
1947
|
| Etiquetas: |
Agregar Etiqueta
Sin Etiquetas, Sea el primero en etiquetar este registro!
|
| LEADER | 00427nam a22001455a 4500 | ||
|---|---|---|---|
| 001 | CEM.cems005700 | ||
| 005 | 20060221000000.0 | ||
| 008 | 130507s1947##################000#0#####d | ||
| 003 | CEMS | ||
| 082 | 0 | 4 | |a 785 |
| 100 | 1 | |a Sachs, Curt | |
| 245 | 1 | 0 | |a Historia universal de los instrumentos musicales. parte iv / |
| 260 | |a Buenos Aires : |b Centuri¢n, |c 1947 | ||
| 300 | |a 841 p. | ||
| 859 | |a CEMS |b BIB. CEMS - 11 de abril |h 785 |i Sa14/IV |p 11086.82 |t Ej.1 | ||
